000 00707cab a2200193 4500
001 WB3336-29
008 090401t1997 xxu||||| |||| 00| 0 eng d
035 _a(Sirsi) u80890
041 _aeng
245 _aPlanning performance checklist
260 _c1997
350 _a0
490 _aDoE News Release
_v(349/ENV) 12 September 1997 (11)
520 _aPlanning Performance Checklists are published every six months to enable people to see at a glance how quickly their planning authority reaches decisions on planning applications. Data for the 12 months to 31 March 1997.
650 _aPLANNING PERFORMANCE CHECKLISTS
690 _aPLANNING LAW AND PRACTICE
942 _n0
948 _c16/09/1997
999 _c50938
_d50938